000 00441nam a2200193Ia 4500
005 20250603144711.0
008 250603s9999 xx 000 0 und d
020 _a9781259060694
050 _aQH 308.2 .M33/
100 _aMader, Sylvia S.
245 0 _aConcepts of biology
250 _a3rd ed.
260 _aNew York
260 _bMcGraw Hill Education
260 _c2014
300 _a821 p
650 _aNew York
942 _cBK
999 _c39697
_d39697